000
00237nam a2200097Ia 4500
001
912085
005
20250826185731.0
008
250824s9999 xx 000 0 und d
245
0
_a
UMUDA YOLCULUK
_c
ESİN KAMAN
260
_b
AKVARYUM YAYINLARI
999
_c
912085
_d
912085